00342nam a2200133Ia 4500008004100000020001500041041001200056082001600068100002000084245005500104260002500159300000800184650001600192221030s9999 xx 000 0 und d a0070445753 aEnglish a105.23bJaw aW. S. Jawadekar 0aManagement Information Systemscby W. S. Jawadekar bTMHaNew Delhic2003 a726 aBE Computer